00414nam a2200121Ia 4500003000400000005001700004008004100021040001800062041000800080100004900088245011400137260004100251OSt20260226100032.0211028s2019 xx 000 0 und d cAIMIT LIBRARY aeng aLuis, Lobo Shayesha; Balaraju, S J.g1716094 aStudy on employee satisfaction towards training program with reference to Abhuydaya Co - Operative Bank Ltd / aMumbaibDeepika M Mascarenhasc2019